000 00584nam a2200217Ia 4500
003 OSt
005 20220928151045.0
006 a|||||r|||| 00| 0
007 ta
008 220927b |||||||| |||| 00| 0 eng d
024 _a108817
037 _cTextual
040 _aSDCL
_cSDCL
_beng
041 _2eng
_aeng
082 _aO-,3N:g (S), L7
100 _aMay Keith M
_9494136
245 0 _aOut of the maelstrom
_bPsychology and the novel in the twentieth century.
260 _c1977
942 _hO-,3N:g (S), L7
_cTEXL
_2CC
999 _c848724
_d848724